| 000 | 00657cam a22002414a 4500 | ||
|---|---|---|---|
| 999 |
_c124883 _d124883 |
||
| 001 | 13949457 | ||
| 005 | 20211211095648.0 | ||
| 008 | 050503s2005 stka 001 0 eng | ||
| 020 | _a9780702072055 | ||
| 040 | _cPK-LaUMT | ||
| 082 | 0 | 0 |
_a616.07022 _222 _bPAT- |
| 245 | 1 | 0 |
_aPathology illustrated / _cedited by Fiona Roberts and Elaine MacDuff |
| 250 | _a8th ed. | ||
| 260 |
_aEdinburgh ; _aNew York : _bElsevier, _c2018 |
||
| 300 |
_a714 p. : _bill. ; _c25 cm. |
||
| 500 | _aIncludes index. | ||
| 650 | 0 | _aPathology. | |
| 650 | 0 | _aPathology | |
| 650 | 1 | 2 | _aPathology. |
| 700 | 1 | _aRoberts, Fiona, | |
| 700 | 1 | _aMacfarlane, Peter S. | |
| 942 | _cBK | ||